000 00974nas a2200313 4500
001 BR2013005102
003 BR-BrBNA
005 20231205122600.0
007 ta
008 230509b bl.|||p| |||| 00| 00por d
040 _aBR-BrBNA
_bpor
_cBiblioteca Nacional de Agricultura
041 _a(Pt)
072 _aF02
100 1 _aLima, J.D.
100 1 _aBolfarini, A.C.B.
100 1 _aSilva, S.H.M.G. da
100 1 _aMoraes, W. da S.
245 1 _aPropagação de Camellia sinensis: efeito do genótipo, estaca, substrato, recipiente e ácido indolbutírico
650 _aCHÁ
650 _aTHECEAE
650 _aENRAIZAMENTO DE ESTACA
650 _aGENÓTIPO
650 _aSUBSTRATO DE CULTURA
650 _aPROPAGAÇÃO VEGETATIVA
650 _aÁCIDO INDOLBUTÍRICO
773 0 _tHorticultura Brasileira (Brazil)
_xISSN 0102-0536
_g(Jan-Mar 2013), v. 31(1) p. 74-79
_wBR2013005102
909 _a202311
_bLúcia
_c55
_dLúcia Elande
942 _2AGRIS
_n0
_cANA
999 _c229405
_d229405